Optimizing thermal and resource management algorithms of multi-core architectures (Record no. 331530)
[ view plain ]
| 000 -LEADER | |
|---|---|
| fixed length control field | 00567nam a22001577a 4500 |
| 082 ## - DEWEY DECIMAL CLASSIFICATION NUMBER | |
| Classification number | BEE-5 SAR |
| 100 ## - MAIN ENTRY--PERSONAL NAME | |
| Personal name | Muhammad Sarmad Saeed | Moeez Akmal | Hareem Shafi |
| 245 ## - TITLE STATEMENT | |
| Title | Optimizing thermal and resource management algorithms of multi-core architectures |
| 260 ## - PUBLICATION, DISTRIBUTION, ETC. | |
| Place of publication, distribution, etc. | Islamabad |
| Name of publisher, distributor, etc. | NUST-SEECS |
| Date of publication, distribution, etc. | 2017 |
| 300 ## - PHYSICAL DESCRIPTION | |
| Extent | 22p. |
| Accompanying material | CD Includes |
| 563 ## - BINDING INFORMATION | |
| Binding note | HB |
| 856 ## - Uniform Resource Identifier | |
| Uniform Resource Identifier | <a href="http://10.250.8.41:8080/xmlui/handle/123456789/22018">http://10.250.8.41:8080/xmlui/handle/123456789/22018</a> |
| 942 ## - ADDED ENTRY ELEMENTS (KOHA) | |
| Source of classification or shelving scheme | |
| Koha item type | Thesis |
| Withdrawn status | Lost status | Source of classification or shelving scheme | Damaged status | Not for loan | Permanent Location | Current Location | Shelving location | Date acquired | Source of acquisition | Full call number | Barcode | Date last seen | Price effective from | Koha item type |
|---|---|---|---|---|---|---|---|---|---|---|---|---|---|---|
| WITHDRAWN | Central Library (CL) | Central Library (CL) | General Stacks | 10/03/2017 | NUST-SEECS | BEE-5 SAR | SEECSP02080 | 10/03/2017 | 10/03/2017 | Project Report | ||||
| WITHDRAWN | Central Library (CL) | Central Library (CL) | 06/22/2021 | 621.3 | CL-BP-718 | 06/22/2021 | 06/22/2021 | Thesis |
